24/25シーズンヨーロッパ五大リーグのチーム - Statistics

General Stats
  • This quiz has been taken 171 times
  • The average score is 36 of 96
Answer Stats
Hint Answer % Correct
プレミア マンチェスター・シティ
96%
プレミア マンチェスター・ユナイテッド
96%
プレミア アーセナル
91%
プレミア リヴァプール
90%
プレミア トッテナム・ホットスパー
86%
プレミア チェルシー
86%
ラ・リーガ レアル・マドリード
83%
ラ・リーガ バルセロナ
82%
プレミア ブライトン・アンド・ホーヴ・アルビオン
75%
ラ・リーガ アトレティコ・マドリード
73%
リーグ1 パリ・サンジェルマン
73%
プレミア アストン・ヴィラ
71%
プレミア ニューカッスル・ユナイテッド
70%
プレミア クリスタル・パレス
70%
セリエA ACミラン
70%
セリエA インテル・ミラノ
69%
プレミア サウサンプトン
66%
ラ・リーガ レアル・ソシエダ
66%
ブンデスリーガ バイエルン・ミュンヘン
65%
ブンデスリーガ ボルシア・ドルトムント
65%
セリエA ナポリ
62%
プレミア ウェストハム・ユナイテッド
61%
セリエA ユヴェントス
61%
プレミア レスター・シティ
59%
プレミア エヴァートン
56%
セリエA ASローマ
56%
ブンデスリーガ アイントラハト・フランクフルト
52%
プレミア ボーンマス
51%
プレミア フラム
50%
プレミア ノッティンガム・フォレスト
50%
ブンデスリーガ レヴァークーゼン
50%
リーグ1 ASモナコ
49%
プレミア ブレントフォード
45%
リーグ1 オリンピック・マルセイユ
45%
ラ・リーガ アスレティック・ビルバオ
40%
プレミア ウォルバーハンプトン・ワンダラーズ
39%
プレミア イプスウィッチ・タウン
39%
ラ・リーガ バレンシア
39%
ラ・リーガ マジョルカ
39%
セリエA パルマ
39%
リーグ1 オリンピック・リヨン
39%
ラ・リーガ ビジャレアル
38%
セリエA フィオレンティーナ
37%
ブンデスリーガ フライブルク
35%
ラ・リーガ ベティス
34%
ラ・リーガ セビージャ
34%
セリエA ラツィオ
34%
ブンデスリーガ ボルシア・メンヒェングラートバッハ
34%
ブンデスリーガ マインツ
33%
セリエA ボローニャ
32%
リーグ1 リール
32%
ラ・リーガ ジローナ
29%
セリエA アタランタ
29%
ブンデスリーガ ライプツィヒ
29%
リーグ1 スタッド・ランス
29%
セリエA トリノ
28%
ラ・リーガ エスパニョール
24%
ブンデスリーガ シュトゥットガルト
24%
リーグ1 RCランス
24%
セリエA コモ
23%
リーグ1 ニース
21%
ラ・リーガ ヘタフェ
20%
ブンデスリーガ ヴォルフスブルク
20%
ラ・リーガ セルタ・デ・ビーゴ
19%
ブンデスリーガ ブレーメン
19%
ラ・リーガ オサスナ
18%
ブンデスリーガ ウニオン・ベルリン
18%
セリエA ジェノア
17%
リーグ1 ストラスブール
16%
セリエA カリアリ
15%
リーグ1 トゥールーズ
15%
ラ・リーガ ラス・パルマス
14%
ブンデスリーガ ホッフェンハイム
14%
ラ・リーガ アラベス
13%
ラ・リーガ ラージョ・バジェカーノ
13%
セリエA ウディネーゼ
13%
ブンデスリーガ アウクスブルク
13%
ブンデスリーガ ボーフム
13%
リーグ1 ナント
13%
リーグ1 サンテティエンヌ
13%
ラ・リーガ バリャドリード
11%
セリエA ヴェネツィア
11%
ブンデスリーガ キール
11%
リーグ1 スタッド・レンヌ
11%
セリエA ヴェローナ
10%
セリエA レッチェ
10%
セリエA エンポリ
10%
ブンデスリーガ ザンクトパウリ
10%
ブンデスリーガ ハイデンハイム
8%
リーグ1 スタッド・ブレスト29
8%
リーグ1 オセール
8%
セリエA モンツァ
7%
リーグ1 モンペリエ
7%
ラ・リーガ レガネス
6%
リーグ1 ル・アーヴル
3%
リーグ1 アンジェ
3%
No matching quizzes found
Score Distribution
Percent of People with Each Score
Percentile by Number Answered
Your Score History
You have not taken this quiz